000 00884nam a2200229Ia 4500
005 20250108124821.0
008 008 250107s9999 xx 000 0 hin d
020 _a978-81-86336-77-9
037 _aTB
040 _aCRL
_bhin
_cCRL
041 _ahin
_2hin
084 _aX:322.273 Q7
084 _qCRL
100 _aशुक्ल, वेद मित्र {राजधानी}, ले.
_9729919
245 0 _aएक समंदर गहरा भीतर
_cशुक्ल, वेद मित्र {राजधानी}, ले.
260 _aनई दिल्ली, भारत
_bएकैडमिक पब्लिकेशन
_c2298
300 _a126पृ0
365 _aINR
_b120
650 _aहिन्दी कविताहिन्दी साहित्य
_9729733
942 _cTB
_hX:322.273 Q7
999 _c1234686
_d1234686